| 000 -LEADER |
| fixed length control field |
00955pab a2200157 454500 |
| 008 - FIXED-LENGTH DATA ELEMENTS--GENERAL INFORMATION |
| fixed length control field |
180718b2002 xxu||||| |||| 00| 0 eng d |
| 100 ## - MAIN ENTRY--PERSONAL NAME |
| Personal name |
Czarniawska, Barbara |
| 245 ## - TITLE STATEMENT |
| Title |
Remembering while forgetting: the role of automorphism in city management in Warsaw |
| 260 ## - PUBLICATION, DISTRIBUTION, ETC. |
| Date of publication, distribution, etc. |
2002 |
| 300 ## - PHYSICAL DESCRIPTION |
| Extent |
p.163-73. |
| 362 ## - DATES OF PUBLICATION AND/OR SEQUENTIAL DESIGNATION |
| Dates of publication and/or sequential designation |
Mar-Apr |
| 520 ## - SUMMARY, ETC. |
| Summary, etc. |
This article summarizes the results of a study of city management in Warsaw. Contrary to the common opinion, the difficulties in effective city management in Warsaw do not stem from its communist past, but from a veneered sedimentation of a rationalist-legalist frame of action. These problems are aggravated by a negative attitude toward imitation of foreign models. This article discusses possibilities for reframing that are created by automorphism, that is, an imitation of the city's invented tradition. - Reproduced. |
| 650 ## - SUBJECT ADDED ENTRY--TOPICAL TERM |
| Topical term or geographic name entry element |
Local government |
| 773 ## - HOST ITEM ENTRY |
| Main entry heading |
Public Administration Review |
| 909 ## - |
| -- |
53062 |